Các khái niệm cơ bản về kinh tế = Basic economic concepts : Song ngữ Anh - Việt
Gồm một loạt bài viết ngắn giải thích một cách khúc triết các khái niệm cơ bản về kinh tế học và cung cấp các kiến thức nền tảng về kinh tế thị trường
Đã lưu trong:
| Định dạng: | Sách |
|---|---|
| Ngôn ngữ: | Vietnamese |
| Được phát hành: |
Tp. Hồ Chí Minh
Nxb. Tp. Hồ Chí Minh
2010
|
| Loạt: | Tủ sách Kiến thức
|
| Những chủ đề: | |
| Các nhãn: |
Thêm thẻ
Không có thẻ, Là người đầu tiên thẻ bản ghi này!
|
| Thư viện lưu trữ: | Mạng thư viện Đại học Đà Nẵng |
|---|
| LEADER | 01320aam a22003378a 4500 | ||
|---|---|---|---|
| 001 | 000019974 | ||
| 003 | 16415 | ||
| 005 | 20141212081254.0 | ||
| 008 | 141205s2010 viesd | ||
| 020 | |c 50000đ |d 1500b | ||
| 041 | 0 | |a vie | |
| 082 | 1 | 4 | |2 14 |a 330.1 |b Kha |
| 245 | 0 | 4 | |a Các khái niệm cơ bản về kinh tế |b = Basic economic concepts : Song ngữ Anh - Việt |
| 260 | |a Tp. Hồ Chí Minh |b Nxb. Tp. Hồ Chí Minh |c 2010 | ||
| 300 | |a 315 tr. |c 19 cm. | ||
| 490 | 0 | |a Tủ sách Kiến thức | |
| 520 | |a Gồm một loạt bài viết ngắn giải thích một cách khúc triết các khái niệm cơ bản về kinh tế học và cung cấp các kiến thức nền tảng về kinh tế thị trường | ||
| 650 | 0 | 4 | |2 Bộ TK TVQG |a Kinh tế |
| 650 | 7 | |2 Bộ TK TVQG | |
| 653 | |a Kinh tế | ||
| 655 | 7 | |2 Bộ TK TVQG |a Sách song ngữ | |
| OWN | |a LSP | ||
| AVA | |a UDN50 |b LSP |d 330.1 Kha |e available |t Error 5001 Not defined in file expand_doc_bib_avail. |f 2 |g 0 |h N |i 0 |k 1 | ||
| 999 | |a From the UDN01 | ||
| AVA | |a UDN50 |b LSP |d 330.1 Kha |e available |t Error 5001 Not defined in file expand_doc_bib_avail. |f 2 |g 0 |h N |i 0 |k 1 | ||
| TYP | |a Monograph | ||
| TYP | |a Printed language | ||
| 980 | |a Mạng thư viện Đại học Đà Nẵng | ||